000
00323 a2200109 4500
001
ART_48941
005
20260410162033.0
008
260409a
245
1
0
_a
Seguro. Aseguradores de vida. CCT 283/1997
100
1
_a
Godoy, Laura M.
773
0
_t
Liquidación de sueldos
_g
- N° 156 (mayo 2019)
_w
REV44399
999
_c
34153
_d
34153